Регионална библиотека "Любен Каравелов" - Русе

Oeuvres poetiques et fragments des ouvres en prose (Запис номер 390834)

MARC детайли
000 -Лидер
Контролно поле с фиксирана дължина nam a22 a 4500
003 - Код на организацията, давaща контролен номер
Контролно поле BLK
005 - Дата и час на последна редакция
Контролно поле 20201029111715.0
008 - Елементи от данни с фиксирана дължина
fixed length control field 180409b bul|||||r ||||||| ||bul||
010 ## - Наследен системен номер
LC control number KNG00119191000
040 ## - Източник на каталожния запис
Идентификатор на билиотеката - собственик на записа BLK
041 ## - Код за език
Код за езика на текст/звукозапис или на отделно заглавие Френски
Код за езика КДБФ Френски
080 ## - УДК
Текстов определител УДК Френска литература
УДК код - определител по УДК 821.133.1
УДК определител -1
УДК - код + определител 821.133.1-1
080 ## - УДК
Текстов определител УДК Френска литература
УДК код - определител по УДК 821.133.1
УДК определител -3
УДК - код + определител 821.133.1-3
100 1# - Редна дума - Автор
Автор Boileau, Nicolas
Авторска отговорност първи автор
Автор - информация (биография) Boileau Despreaux, Nicolas
R(LIN) 279441
139 ## - Редно поле
Редна дума Boileau, Nicolas
Авторски знак Boi - B 73
245 10 - Сведения за заглавието
Заглавие Oeuvres poetiques et fragments des ouvres en prose
Редно поле (дума) Nicolas Boileau; comment. Ch. Aubertin.
Подзаглавни данни Nouv. ed., collationnee sur les meilleures textes et renfermant une annotation generale d'apres tous les commantateurs, un noueau commentaire grammatical, des notices litteraires sur les auteurs de satires et d'arts poetiques en francais, une apreciation du style de Boileau et une vie de l'auteur.
257 ## - Страна на издаване
Страна на създаване/издаване Франция
260 ## - Област на издателските данни
Място на издаване, разпространение и проч. Paris
Име на издателя, разпространителя и проч. Eugene Belin
Година на издаване 1888
9 (RLIN) 435756
300 ## - Физическа характеристика
Страници XXXI, 420 p.
Размери/Мащаб 18 cm
380 ## - Жанр
Жанр Худож. лит.
490 ## - СЕРИИ (Колекции)
Име на серия Колекция Редки и ценни издания
9 (RLIN) 435080
700 ## - Други автори (авторска отговорност)
9 (RLIN) 62
Лично име Aubertin, Ch.
Автороска отговорност (Описва отношението между автора и произведението) comment.
852 ## - Местоположение
Форматна сигнатура Рф 888
Фондова буква Редки и ценни
856 4# - Електронен адрес и достъп
Електронен формат pdf - файл
856 4# - Електронен адрес и достъп
Електронен формат pdf - файл
999 ## - СИСТЕМНИ КОНТРОЛНИ НОМЕРА
Koha biblionumber 390834
Koha biblioitemnumber 390834
942 ## - АРТИКУЛИ
Вид на библиотечния материал Книги
Скрит в OPAC Не
Периодичен библиозапис Да
944 ## - СЪЗДАВАНЕ И РЕДАКЦИЯ на ЗАПИСА
Създаване/Редакция Създаване
Дата на регистрацията/редакция 2020-10-29
Статус, дата на статуса ф /
Служител, извършил регистрацията/редакцията ТД
944 ## - СЪЗДАВАНЕ И РЕДАКЦИЯ на ЗАПИСА
Създаване/Редакция Редакция
Дата на регистрацията/редакция 14.10.2010
Статус, дата на статуса ф /
999 ## - СИСТЕМНИ КОНТРОЛНИ НОМЕРА
Koha biblioitemnumber 390834
999 ## - СИСТЕМНИ КОНТРОЛНИ НОМЕРА
Koha biblioitemnumber 113772
Наличности
Код за отписване Код за изгубен артикул Източник на класификационната схема Код за повреда Коз за рестрикции Код за отдаване Артикулен № Име на библиотеката - собственик Име на библиотеката, в която се намира в момента Статус (Текущо местоположение) Дата на вписване в системата Местоположение - отдел Цена в лева Инвентарен номер Систематично азбучна сигнатура Баркод Цена в евро Служебен тип на артикула
  Не е изгубен Universal Decimal Classification Не е повреден само за читалня Специални фондове ( старопечатни, редки и ценни, фонд М. Арнаудов) 804534 Регионална библиотека "Любен Каравелов" Русе Регионална библиотека "Любен Каравелов" Русе Редки и ценни 2020-11-03 Редки и ценни 0.84 13156/58 Рф 888 900000037813 0.43 Книги
Vip Innovations Ltd, Rousse, Bulgaria 2025